Statistics for EPL Awards of the Season

Click here to take the quiz!

General Stats

  • This quiz has been taken 1,037 times
    (791 since last reset)
  • The average score is 17 of 41

Answer Stats

Winner% Correct
1994, 1995, 1996, 1999, 2000, 2001, 2003, 2007, 2008, 2009, 2011, 2013Alex Ferguson
92%
1998, 2002, 2004Arsène Wenger
86%
2005, 2006José Mourinho
85%
2010 (Player's Player), 2005, 2006 (Young Player)Wayne Rooney
83%
2007, 2008 (Player's Player), 2007(Young Player)Cristiano Ronaldo
81%
2003, 2004Thierry Henry
77%
2006 (Player's Player), 2001 (Young Player)Steven Gerrard
73%
1995, 1997Alan Shearer
68%
2009 (Player's Player), 1993 (Young Player)Ryan Giggs
65%
2014Luis Suárez
64%
2012Robin van Persie
62%
1997David Beckham
56%
2013Andy Cole
54%
2005John Terry
52%
1998Michael Owen
52%
1998Dennis Bergkamp
50%
2014Eden Hazard
50%
2011 (Player's Player), 2013 (Young Player)Gareth Bale
50%
1994Eric Cantona
46%
2000Roy Keane
46%
1996Les Ferdinand
40%
2002Ruud van Nistelrooy
40%
2001Teddy Sheringham
37%
1995Robbie Fowler
36%
1995Kenny Dalglish
33%
2008Cesc Fàbregas
29%
1999Nicolas Anelka
28%
2014Tony Pulis
23%
2010Harry Redknapp
21%
2012Alan Pardew
20%
2011Jack Wilshere
18%
2010James Milner
17%
2009Ashley Young
14%
1999David Ginola
13%
2012Kyle Walker
11%
2000Harry Kewell
9%
2004Scott Parker
9%
2001George Burley
7%
2002Craig Bellamy
6%
2003Jermaine Jenas
6%
1993Paul McGrath
6%

Score Distribution

Percentile by Number Answered

Percent of People with Each Score

Your Score History

You have not taken this quiz since the last reset